| 000 | 00000nam 2200000zi 4500 |
| 001 | 9.949107 |
| 003 | CaOODSP |
| 005 | 20250821150011 |
| 006 | m o d f |
| 007 | cr |n||||||||| |
| 008 | 250314e202504 onc o f00| 0 eng d |
| 020 | |a9780660764108 |
| 040 | |aCaOODSP|beng|erda|cCaOODSP |
| 043 | |an-cn--- |
| 086 | 1 |aPS4-334/1-2025E-PDF |
| 245 | 00|aFirearms and public safety : |baddressing risk. |
| 264 | 1|a[Ottawa] : |bPublic Safety Canada = Sécurité publique Canada, |cApril 2025. |
| 264 | 4|c©2025 |
| 300 | |a1 online resource (3 unnumbered pages) |
| 336 | |atext|btxt|2rdacontent |
| 337 | |acomputer|bc|2rdamedia |
| 338 | |aonline resource|bcr|2rdacarrier |
| 500 | |aIssued also in French under title: Armes à feu et sécurité publique : agir à l'égard du risque. |
| 650 | 0|aFirearms|zCanada|xSafety measures. |
| 650 | 0|aFirearms|xLaw and legislation|zCanada. |
| 710 | 1 |aCanada. |bPublic Safety Canada, |eissuing body. |
| 775 | 08|tArmes à feu et sécurité publique : |w(CaOODSP)9.949108 |
| 856 | 40|qPDF|s315 KB|uhttps://publications.gc.ca/collections/collection_2025/sp-ps/PS4-334-1-2025-eng.pdf |
| 856 | 4 |qHTML|sN/A|uhttps://www.publicsafety.gc.ca/cnt/rsrcs/pblctns/rd-flg-ddrss-rsk/index-en.aspx |